[Event "Oberliga Nord W 1920"]
[Site "Germany"]
[Date "2019.12.08"]
[Round "4.6"]
[White "Virag, Attila Aba"]
[Black "Zschischang, Marine"]
[Result "1-0"]
[WhiteElo "2400"]
[BlackElo "2400"]
[PlyCount "53"]
[EventDate "2019.09.29"]
[EventType "team-tourn"]
[EventRounds "9"]
[EventCountry "GER"]
[SourceTitle "CBM 195 Extra"]
[Source "ChessBase"]
[SourceDate "2020.05.31"]
[SourceVersion "1"]
[SourceVersionDate "2020.05.31"]
[SourceQuality "1"]

1. e4 e6 2. d4 d5 3. e5 c5 4. c3 Nc6 5. Nf3 Qb6 6. Be2 cxd4 7. cxd4 Nh6 8. Bxh6 Qxb2 9. Nbd2 gxh6 10. 0-0 Nxd4 11. Rb1 Nxe2+ 12. Qxe2 Qa3 13. Qb5+ Kd8 14. Nd4 Qa6 15. Qb3 b6 16. Qf3 Ke8 17. Nb5 Qb7 18. Rfc1 Bc5 19. Rxc5 Qe7 20. Rc3 Kd8 21. Nc4 Rg8 22. Ncd6 Rg7 23. Nxa7 Bd7 24. Rxb6 Be8 25. Nb7+ Kd7 26. Rd6+ Qxd6 27. exd6 1-0

[Event "Oberliga Nord W 1718"]
[Site "Germany"]
[Date "2018.01.21"]
[Round "5.6"]
[White "Virag, Attila Aba"]
[Black "Wachinger, Nikolas"]
[Result "0-1"]
[WhiteElo "2265"]
[BlackElo "2290"]
[PlyCount "124"]
[EventDate "2017.10.08"]
[EventType "team-tourn"]
[EventRounds "9"]
[EventCountry "GER"]
[SourceTitle "EXT 2019"]
[Source "ChessBase"]
[SourceDate "2018.10.10"]
[SourceVersion "1"]
[SourceVersionDate "2018.10.10"]
[SourceQuality "1"]
[WhiteTeam "Liste Turm"]
[BlackTeam "Werder Bremen III"]
[WhiteTeamCountry "GER"]
[BlackTeamCountry "GER"]

1. e4 c5 2. Nf3 d6 3. d4 cxd4 4. Qxd4 Nf6 5. Bg5 Nc6 6. Qd3 e6 7. c4 Be7 8. Nc3 0-0 9. Be2 a6 10. 0-0 Bd7 11. Rfd1 Qb6 12. Be3 Qc7 13. h3 Rfd8 14. Rac1 Rab8 15. Qb1 Qa5 16. Bf4 Be8 17. c5 e5 18. Bd2 Qc7 19. cxd6 Rxd6 20. Bg5 Rxd1+ 21. Rxd1 Rd8 22. Bxf6 Rxd1+ 23. Qxd1 Bxf6 24. Nd5 Qd6 25. Nd2 Bd8 26. Nc4 Qc5 27. b4 Qd4 28. Nd6 Kf8 29. Nxb7 Qxe4 30. Bf3 Qd4 31. Qc2 Bb6 32. a3 Ba7 33. Ne3 Ne7 34. Nc5 g6 35. Nb3 Qf4 36. Nc5 Bb5 37. Bb7 Qd4 38. Bxa6 Bc6 39. Bf1 Kg7 40. Qc1 h5 41. Nb3 Qd7 42. Qc3 f6 43. Nc5 Qd6 44. Qc4 Nd5 45. Bd3 Nxe3 46. fxe3 f5 47. Kh1 Kh6 48. a4 e4 49. Bf1 Bb8 50. Kg1 Qh2+ 51. Kf2 Bg3+ 52. Ke2 Qg1 53. Kd2 f4 54. Qe2 f3 55. gxf3 exf3 56. Qd3 Be5 57. e4 Qf2+ 58. Kd1 Bf4 59. h4 Qb2 60. Ke1 Qxb4+ 61. Kf2 Qxc5+ 62. Kxf3 Bc1 0-1

[Event "BL2-Nord 1617"]
[Site "Germany"]
[Date "2017.02.19"]
[Round "6.8"]
[White "Virag, Attila Aba"]
[Black "Kahlert, Thomas"]
[Result "1/2-1/2"]
[WhiteElo "2280"]
[BlackElo "2233"]
[PlyCount "91"]
[EventDate "2016.10.16"]
[EventType "team-tourn"]
[EventRounds "9"]
[EventCountry "GER"]
[SourceTitle "EXT 2018"]
[Source "ChessBase"]
[SourceDate "2017.10.13"]
[SourceVersion "1"]
[SourceVersionDate "2017.10.13"]
[SourceQuality "1"]
[WhiteTeam "Lister Turm"]
[BlackTeam "Norderstedt"]
[WhiteTeamCountry "GER"]
[BlackTeamCountry "GER"]

1. e4 e5 2. Nf3 Nc6 3. Bb5 a6 4. Ba4 Nf6 5. d3 d6 6. c3 g6 7. 0-0 Bg7 8. Re1 0-0 9. Nbd2 b5 10. Bc2 Nb8 11. d4 Nbd7 12. dxe5 dxe5 13. a4 Bb7 14. Qe2 c6 15. Nb3 Qc7 16. Rd1 Rfe8 17. Bg5 h6 18. Be3 Kh7 19. Nfd2 Bf8 20. f3 Nh5 21. axb5 cxb5 22. Na5 Bc5 23. Nf1 Nf4 24. Qf2 Bxe3 25. Nxe3 Rad8 26. Kh1 Nc5 27. Nxb7 Qxb7 28. Ng4 Qe7 29. g3 h5 30. Ne3 Nfd3 31. Bxd3 Rxd3 32. Nd5 Qd6 33. Rxd3 Nxd3 34. Qa7 Kg7 35. Rxa6 Qc5 36. Qxc5 Nxc5 37. Ra7 Nd3 38. Rb7 Nxb2 39. Rxb5 Nd3 40. Kg2 Ra8 41. Nb4 Nxb4 42. cxb4 Ra2+ 43. Kh3 Rf2 44. Rxe5 Rxf3 45. Kg2 Rb3 46. b5 1/2-1/2

[Event "HUN-chT2 Maroczy 1011"]
[Site "Hungary"]
[Date "2011.04.17"]
[Round "9"]
[White "Virag, Attila Aba"]
[Black "Kiss, Gergely"]
[Result "1-0"]
[WhiteElo "2209"]
[BlackElo "2252"]
[PlyCount "97"]
[EventDate "2010.09.12"]
[EventType "team-tourn"]
[EventRounds "11"]
[EventCountry "HUN"]
[SourceTitle "EXT 2012"]
[Source "ChessBase"]
[SourceDate "2011.11.24"]
[SourceVersion "1"]
[SourceVersionDate "2011.11.24"]
[SourceQuality "1"]
[WhiteTeam "Miskolc EMSE"]
[BlackTeam "MLTC II"]
[WhiteTeamCountry "HUN"]
[BlackTeamCountry "HUN"]

1. e4 e5 2. Nf3 Nc6 3. Bb5 a6 4. Ba4 Nf6 5. 0-0 Nxe4 6. Re1 Nc5 7. Bxc6 dxc6 8. d4 Ne6 9. dxe5 Qxd1 10. Rxd1 Bc5 11. Nc3 0-0 12. Ne4 Ba7 13. h3 h6 14. g4 b5 15. Be3 Bxe3 16. fxe3 c5 17. Nc3 Bb7 18. e4 Rad8 19. Nd5 Rfe8 20. Kh2 c6 21. Ne3 Nd4 22. Kg2 g6 23. c3 Nxf3 24. Kxf3 Rb8 25. Kf4 c4 26. h4 g5+ 27. hxg5 hxg5+ 28. Kxg5 Rxe5+ 29. Nf5 c5 30. Rd6 Bxe4 31. Kf6 Re6+ 32. Rxe6 fxe6 33. Kxe6 Rd8 34. Nd6 Bf3 35. Rg1 Kg7 36. Nf5+ Kf8 37. g5 Bd5+ 38. Ke5 Bg8 39. Kf6 Re8 40. g6 Re6+ 41. Kg5 Re5 42. Rd1 Bd5 43. Rxd5 Rxd5 44. Kf6 Rxf5+ 45. Kxf5 Kg7 46. Kg5 a5 47. a3 Kg8 48. Kf6 Kf8 49. Ke5 1-0

[Event "Budapest FS07 IM"]
[Site "Budapest"]
[Date "2010.07.12"]
[Round "10"]
[White "Virag, Attila Aba"]
[Black "Adams, Nick A"]
[Result "1/2-1/2"]
[WhiteElo "2258"]
[BlackElo "2211"]
[PlyCount "30"]
[EventDate "2010.07.03"]
[EventType "tourn"]
[EventRounds "11"]
[EventCountry "HUN"]
[EventCategory "1"]
[SourceTitle "CBM 137 Extra"]
[Source "ChessBase"]
[SourceDate "2010.09.01"]
[SourceVersion "1"]
[SourceVersionDate "2010.09.01"]
[SourceQuality "1"]

1. e4 e5 2. Nf3 Nc6 3. Bb5 a6 4. Ba4 Nf6 5. 0-0 Nxe4 6. Re1 Nf6 7. Bxc6 dxc6 8. Nxe5 Be7 9. d4 0-0 10. c3 Be6 11. Bf4 Re8 12. Bg3 Bf8 13. Nd2 h6 14. Ndf3 Nd7 15. Nxd7 Qxd7 1/2-1/2

[Event "Budapest FS07 IM"]
[Site "Budapest"]
[Date "2010.07.09"]
[Round "7"]
[White "Virag, Attila Aba"]
[Black "Szalanczy, Emil"]
[Result "0-1"]
[WhiteElo "2258"]
[BlackElo "2318"]
[PlyCount "106"]
[EventDate "2010.07.03"]
[EventType "tourn"]
[EventRounds "11"]
[EventCountry "HUN"]
[EventCategory "1"]
[SourceTitle "CBM 137 Extra"]
[Source "ChessBase"]
[SourceDate "2010.09.01"]
[SourceVersion "1"]
[SourceVersionDate "2010.09.01"]
[SourceQuality "1"]

1. e4 c5 2. Nf3 d6 3. d4 cxd4 4. Nxd4 Nf6 5. Nc3 g6 6. Be3 Bg7 7. f3 Nc6 8. Qd2 0-0 9. 0-0-0 d5 10. Qe1 e5 11. Nxc6 bxc6 12. exd5 Nxd5 13. Bc4 Be6 14. Ne4 Qb8 15. Bc5 Re8 16. g4 h6 17. h4 a5 18. g5 h5 19. Qf2 a4 20. Bd6 Qb7 21. Qc5 Reb8 22. Qa3 Qb6 23. Bxb8 Rxb8 24. Bxd5 cxd5 25. Nf6+ Bxf6 26. gxf6 d4 27. Rhe1 Qb5 28. Rd2 Bf5 29. f4 exf4 30. Rxd4 f3 31. c4 Qb6 32. Rd2 Rc8 33. Qc3 Qc7 34. Re5 Bg4 35. c5 Qc6 36. Qd4 a3 37. b3 Kh7 38. Qc4 Qxf6 39. Qd4 Qxh4 40. Qf4 Kg7 41. b4 Qh1+ 42. Kc2 Qa1 43. Kb3 Rc6 44. b5 Rf6 45. Qe3 f2 46. Rxf2 Rxf2 47. Qxf2 Qxe5 48. Ka4 Qc3 49. Qg1 Bf3 50. c6 h4 51. c7 h3 52. Qa1 Qxa1 53. c8Q h2 0-1

[Event "Budapest FS07 IM"]
[Site "Budapest"]
[Date "2010.07.08"]
[Round "6"]
[White "Lengyel, Bela"]
[Black "Virag, Attila Aba"]
[Result "1-0"]
[WhiteElo "2257"]
[BlackElo "2258"]
[PlyCount "109"]
[EventDate "2010.07.03"]
[EventType "tourn"]
[EventRounds "11"]
[EventCountry "HUN"]
[EventCategory "1"]
[SourceTitle "CBM 137 Extra"]
[Source "ChessBase"]
[SourceDate "2010.09.01"]
[SourceVersion "1"]
[SourceVersionDate "2010.09.01"]
[SourceQuality "1"]

1. e4 c5 2. Nf3 Nc6 3. d4 cxd4 4. Nxd4 Nf6 5. Nc3 e5 6. Ndb5 d6 7. a4 a6 8. Na3 Bg4 9. Qd2 Be7 10. Bc4 0-0 11. 0-0 Rc8 12. h3 Be6 13. Rd1 Nd4 14. Qd3 Bxc4 15. Nxc4 Nxc2 16. Qxc2 Rxc4 17. Qb3 Qc7 18. Bg5 Rc8 19. Bxf6 Bxf6 20. Nd5 Qc5 21. Qf3 Bd8 22. Ne3 Rd4 23. Nf5 Rxd1+ 24. Rxd1 Bf6 25. Rxd6 Rd8 26. Nh6+ gxh6 27. Rxf6 Rf8 28. Kh2 Kg7 29. Rf5 f6 30. Qg4+ Kh8 31. Qh4 Kg7 32. Rf3 Qc1 33. Qg4+ Kh8 34. h4 Qc6 35. Rg3 Qc7 36. Qh5 Rg8 37. Qxh6 Rxg3 38. Kxg3 Qf7 39. a5 Kg8 40. f3 Qe6 41. Qh5 Qb3 42. Qe8+ Kg7 43. Qe7+ Kg8 44. Qxf6 Qxb2 45. h5 Qc3 46. h6 Qc7 47. Kg4 Qd7+ 48. Kg5 Qd2+ 49. Kf5 Qxg2 50. Qg5+ Qxg5+ 51. Kxg5 Kf7 52. Kf5 Ke7 53. Kxe5 Kd7 54. Kd5 Kc7 55. Kc5 1-0

[Event "Budapest FS07 IM"]
[Site "Budapest"]
[Date "2010.07.07"]
[Round "5"]
[White "Virag, Attila Aba"]
[Black "Kahn, Evarth"]
[Result "1/2-1/2"]
[WhiteElo "2258"]
[BlackElo "2281"]
[PlyCount "162"]
[EventDate "2010.07.03"]
[EventType "tourn"]
[EventRounds "11"]
[EventCountry "HUN"]
[EventCategory "1"]
[SourceTitle "CBM 137 Extra"]
[Source "ChessBase"]
[SourceDate "2010.09.01"]
[SourceVersion "1"]
[SourceVersionDate "2010.09.01"]
[SourceQuality "1"]

1. e4 c5 2. Nf3 d6 3. d4 cxd4 4. Nxd4 Nf6 5. Nc3 g6 6. Be3 Bg7 7. f3 0-0 8. Qd2 Nc6 9. 0-0-0 d5 10. Qe1 Rb8 11. Nb3 e6 12. h4 a5 13. Bb5 Bd7 14. h5 Nb4 15. Bxd7 Qxd7 16. hxg6 fxg6 17. Kb1 a4 18. Nc5 Qc6 19. e5 Nh5 20. Qh4 Na6 21. Nd3 Qc4 22. Bd4 h6 23. Qg4 Kh7 24. Rh4 Qc6 25. Ne2 a3 26. Nef4 Nxf4 27. Nxf4 Rxf4 28. Qxf4 Rc8 29. c3 Qb5 30. b3 Nc5 31. Qd2 g5 32. Rhh1 Nd7 33. Qc2+ Kg8 34. Rhe1 Rf8 35. Qg6 Qc6 36. Qd3 Rf5 37. g4 Rf7 38. Re3 b5 39. Rc1 Rf4 40. Rd1 Nf8 41. Qc2 Nd7 42. Ka1 Qc7 43. Qe2 Qc6 44. Kb1 Rf8 45. Qc2 Rf4 46. Qc1 Qa6 47. Qd2 Qc6 48. Rde1 Rf8 49. Qd3 Rf4 50. R3e2 Qb7 51. Bf2 Rf7 52. Bg3 Nc5 53. Qe3 Qc6 54. Bf2 Nd7 55. Qd3 Rf8 56. Bd4 Rf4 57. Qe3 Qa8 58. Kc2 Qf8 59. Rf2 Qb8 60. Kd1 Qc7 61. Ree2 Nf8 62. Qd3 Qc6 63. Be3 Rf7 64. f4 Nd7 65. Qd2 gxf4 66. Bd4 f3 67. Re1 Nc5 68. Bxc5 Qxc5 69. Qe3 Qxe3 70. Rxe3 Rf4 71. Rfxf3 Rxg4 72. Rg3 Rxg3 73. Rxg3 Kf7 74. Kc2 Bxe5 75. Rf3+ Kg6 76. Kd3 h5 77. Re3 Kf5 78. Rh3 Kg4 79. Re3 Kf4 80. Rh3 Kg4 81. Re3 Kf4 1/2-1/2

[Event "Budapest FS07 IM"]
[Site "Budapest"]
[Date "2010.07.06"]
[Round "4"]
[White "Berczes, Csaba"]
[Black "Virag, Attila Aba"]
[Result "1/2-1/2"]
[WhiteElo "2384"]
[BlackElo "2258"]
[PlyCount "130"]
[EventDate "2010.07.03"]
[EventType "tourn"]
[EventRounds "11"]
[EventCountry "HUN"]
[EventCategory "1"]
[SourceTitle "CBM 137 Extra"]
[Source "ChessBase"]
[SourceDate "2010.09.01"]
[SourceVersion "1"]
[SourceVersionDate "2010.09.01"]
[SourceQuality "1"]

1. Nf3 d5 2. g3 f5 3. Bg2 Nf6 4. 0-0 e6 5. d3 Bd6 6. Bf4 0-0 7. Nbd2 Nc6 8. Bxd6 Qxd6 9. e4 Qb4 10. Qc1 fxe4 11. dxe4 Bd7 12. c3 Qb6 13. Qc2 Rae8 14. h3 g6 15. e5 Nh5 16. Kh2 Nd8 17. Nd4 c5 18. N4b3 c4 19. Nd4 Nc6 20. N2f3 Ng7 21. Rad1 Nf5 22. Qe2 Qc7 23. Rfe1 Re7 24. Nb5 Qb8 25. Nfd4 a6 26. Na3 Nfxd4 27. cxd4 b5 28. f4 b4 29. Nc2 b3 30. axb3 Qxb3 31. Ne3 Qb6 32. Ng4 Rb8 33. f5 gxf5 34. Nf6+ Kh8 35. Rd2 Rg7 36. Rf1 Ne7 37. Qe3 Ng8 38. Nh5 Rg6 39. Qf4 Qb4 40. Rf3 Qe7 41. Qe3 Rb3 42. Qf2 Rxf3 43. Qxf3 Qb4 44. Rf2 Qe1 45. g4 Rg5 46. Qf4 h6 47. Nf6 Nxf6 48. exf6 Kh7 49. Rf1 Qb4 50. Qc7 Qb5 51. Qd6 Kg8 52. Kh1 Qc6 53. Qe7 Be8 54. gxf5 Bf7 55. Qd8+ Kh7 56. Qf8 Qd7 57. Re1 Rg8 58. fxe6 Rxf8 59. exd7 Rd8 60. Re5 Kg6 61. Bxd5 Rxd7 62. Bxf7+ Kxf7 63. d5 Kxf6 64. Re6+ Kg5 65. Rxa6 Rxd5 1/2-1/2

[Event "Budapest FS07 IM"]
[Site "Budapest"]
[Date "2010.07.05"]
[Round "3"]
[White "Virag, Attila Aba"]
[Black "Martini, Balazs"]
[Result "0-1"]
[WhiteElo "2258"]
[BlackElo "2326"]
[PlyCount "102"]
[EventDate "2010.07.03"]
[EventType "tourn"]
[EventRounds "11"]
[EventCountry "HUN"]
[EventCategory "1"]
[SourceTitle "CBM 137 Extra"]
[Source "ChessBase"]
[SourceDate "2010.09.01"]
[SourceVersion "1"]
[SourceVersionDate "2010.09.01"]
[SourceQuality "1"]

1. e4 c5 2. Nf3 e6 3. d4 cxd4 4. Nxd4 Nc6 5. Nb3 Nf6 6. Bd3 d5 7. exd5 Nxd5 8. a3 e5 9. 0-0 Be7 10. Qe2 Be6 11. Rd1 Qb6 12. Bc4 Rd8 13. Bxd5 Rxd5 14. Rxd5 Bxd5 15. Be3 Qc7 16. Nc3 Bxb3 17. cxb3 0-0 18. Rd1 Rd8 19. Rxd8+ Qxd8 20. Qb5 Qd7 21. h3 a6 22. Qd5 Qxd5 23. Nxd5 f5 24. Kf1 Kf7 25. Ke2 Ke6 26. Nxe7 Kxe7 27. Kd3 Kd6 28. Bb6 Kd5 29. Kc3 Ne7 30. Kd3 Ng6 31. Ke3 Nf4 32. g3 Nxh3 33. f4 g5 34. fxe5 Kxe5 35. Bd8 h6 36. Bc7+ Kd5 37. Kf3 g4+ 38. Ke3 Ng5 39. Bf4 Nf7 40. Bc7 Ng5 41. Bf4 Ne4 42. Kd3 Nc5+ 43. Kc3 h5 44. b4 Ne6 45. Bd2 Ke4 46. Kc4 b5+ 47. Kc3 Kf3 48. Be1 Ke2 49. Bd2 h4 50. gxh4 g3 51. h5 g2 0-1

[Event "HUN-chT2 Maroczy 0910"]
[Site "Hungary"]
[Date "2010.02.28"]
[Round "7"]
[White "Virag, Attila Aba"]
[Black "Mede, Istvan"]
[Result "0-1"]
[WhiteElo "2258"]
[BlackElo "2267"]
[PlyCount "82"]
[EventDate "2009.11.08"]
[EventType "team-tourn"]
[EventRounds "11"]
[EventCountry "HUN"]
[SourceTitle "EXT 2011"]
[Source "ChessBase"]
[SourceDate "2010.11.26"]
[SourceVersion "1"]
[SourceVersionDate "2010.11.26"]
[SourceQuality "1"]
[WhiteTeam "Miskolc EMSE"]
[BlackTeam "Fenstherm"]
[WhiteTeamCountry "HUN"]
[BlackTeamCountry "HUN"]

1. e4 c5 2. Nf3 Nc6 3. d4 cxd4 4. Nxd4 Nf6 5. Nc3 e5 6. Ndb5 d6 7. Bg5 a6 8. Na3 b5 9. Nd5 Be7 10. Bxf6 Bxf6 11. c3 0-0 12. Nc2 Bg5 13. a4 bxa4 14. Rxa4 a5 15. Bc4 Rb8 16. b4 Bd7 17. Ra3 Kh8 18. 0-0 f5 19. exf5 Bxf5 20. b5 Na7 21. b6 Nc8 22. Rxa5 Nxb6 23. Nxb6 Qxb6 24. Rb5 Qc6 25. Na3 Rxb5 26. Bxb5 Qc5 27. Qb3 d5 28. Be2 Bd2 29. Nb5 Be4 30. c4 Rxf2 31. Rxf2 Be3 32. Nc3 Bxf2+ 33. Kf1 Qf8 34. Nxe4 dxe4 35. Qb1 Bb6+ 36. Bf3 Qc5 37. Ke2 Qe3+ 38. Kd1 exf3 39. Qf5 Qe2+ 40. Kc1 Qxc4+ 41. Kb1 Qb3+ 0-1